| 000 | 00848nam a2200229 i 4500 | ||
|---|---|---|---|
| 001 | 32960 | ||
| 003 | ES-MaACL | ||
| 005 | 20230906154653.0 | ||
| 007 | t| | ||
| 008 | 030131s1976 sp ||||1| spa d | ||
| 020 | _a84-00-03626-3 | ||
| 080 | _a014.3:7(05)(460) | ||
| 080 | _a016:7(460) | ||
| 245 | 0 | 0 |
_aBibliografía del arte en España : _bartículos de revistas clasificados por materias / _cpor María Paz Aguiló ... [et al.]. |
| 260 |
_aMadrid : _bConsejo Superior de Investigaciones Científicas, Instituto Diego Velázquez, _c1976. |
||
| 300 |
_aXXVII, 1008 p. ; _c28 cm. |
||
| 650 | 4 |
_aArte- _vPublicaciones periódicas- _zEspaña- _vBibliografías. _9158043 |
|
| 650 | 4 |
_aArte español- _vBibliografías. _9158044 |
|
| 700 | 1 |
_aAguiló, María Paz. _918790 |
|
| 710 | 2 |
_aInstituto Diego Velázquez. _95021 |
|
| 852 |
_aES-MaACL _jA-7535 |
||
| 999 |
_c32960 _d32960 |
||